Costumbres de los brahmanes / (Record no. 168935)

MARC details
000 -LEADER
campo de control de longitud fija 00619nam a22001935i 4500
001 - NÚMERO DE CONTROL
campo de control 168935
003 - IDENTIFICADOR DE NÚMERO DE CONTROL
campo de control ES-MaACL
005 - FECHA Y HORA DE LA ÚLTIMA TRANSACCIÓN
campo de control 20230906213937.0
008 - DATOS DE LONGITUD FIJA--INFORMACIÓN GENERAL
campo de control de longitud fija 080626s1968 sp |||| | spa d
080 ## - NÚMERO DE LA CLASIFICACIÓN DECIMAL UNIVERSAL
Número de la Clasificación Decimal Universal 294.116.1:291.61
100 0# - ENTRADA PRINCIPAL--NOMBRE DE PERSONA
Nombre de persona Ambrosio
Títulos y otros términos asociados al nombre Santo, Obispo de Milán.
9 (RLIN) 189014
245 10 - MENCIÓN DEL TÍTULO
Título Costumbres de los brahmanes /
Mención de responsabilidad, etc. Ambrosio de Milán ; versión de Rafael León.
260 ## - PUBLICACIÓN, DISTRIBUCIÓN, ETC.
Lugar de publicación, distribución, etc. Málaga :
Nombre del editor, distribuidor, etc. Librería Anticuaria El Guadalhorce,
Fecha de publicación, distribución, etc. 1968.
300 ## - DESCRIPCIÓN FÍSICA
Extensión 34 p. ;
Dimensiones 18 cm.
650 14 - PUNTO DE ACCESO ADICIONAL DE MATERIA--TÉRMINO DE MATERIA
Término de materia o nombre geográfico como elemento de entrada Bramanismo.
9 (RLIN) 135696
700 1# - ENTRADA AGREGADA--NOMBRE PERSONAL
Nombre de persona León, Rafael.
9 (RLIN) 71594
852 ## - LOCALIZACIÓN
Ubicación ES-MaACL
Número de control de estantería 2241-F-2
itemnumber R.137697
Holdings
Estatus retirado Estado de pérdida Estado de daño No para préstamo Colección Biblioteca de origen Biblioteca actual Ubicación en estantería Fecha de adquisición Fuente de adquisición Total de préstamos Signatura topográfica completa Código de barras Visto por última vez Precio de reemplazo Tipo de ítem Koha
        Colección de folletos Biblioteca del Ateneo de Madrid Biblioteca del Ateneo de Madrid Depósito folletos 26/06/2008     2241-F-2 1177303 23/02/2023 23/02/2023 Folleto